| 000 | 01014nam a2200301 a 4500 | ||
|---|---|---|---|
| 999 |
_c174547 _d174547 |
||
| 001 | 2612760 | ||
| 003 | Nust | ||
| 005 | 20170131145932.0 | ||
| 008 | 980305s1996 pk ab b 000 0 eng | ||
| 010 | _a 97930401 | ||
| 020 | _a9694960223 | ||
| 025 | _aP-E-97930401; 20 | ||
| 040 |
_aDLC _cDLC |
||
| 042 | _alcode | ||
| 043 | _aa-pk--- | ||
| 050 | 0 | 0 |
_aHC440.5 _b.H56 1996 |
| 082 | _a338.92095491 | ||
| 100 | 1 | _aHijazi, Syed Tahir. | |
| 245 | 1 | 0 |
_aInstitutional dynamics in industrial paradigm, the 50 years of Pakistan / _cSyed Tahir Hijazi. |
| 260 |
_aIslamabad : _bDost Publications, _c[1996?] |
||
| 300 |
_axii, 157 p. : _bill., map ; _c23 cm. |
||
| 504 | _aIncludes bibliographical references (p. [149]-157). | ||
| 650 | 0 |
_aIndustrialization _zPakistan. |
|
| 650 | 0 |
_aIndustrial policy _zPakistan. |
|
| 906 |
_a7 _bcbc _corigode _d3 _encip _f19 _gy-gencatlg |
||
| 942 |
_2ddc _cBK |
||